| 000 | 00588cam a22002172 4500 | ||
|---|---|---|---|
| 999 |
_c16677 _d16677 |
||
| 001 | 0000008587 | ||
| 003 | OSt | ||
| 005 | 20180222094925.0 | ||
| 008 | 080428s xx 000 0 eng d | ||
| 020 |
_a8121903745 : _cKES 2050 |
||
| 040 |
_aKABU _cKABU |
||
| 100 | 1 | _aAhuja, H. L. | |
| 245 | 1 | 0 |
_aModern microeconomics : _btheory and applications / _cH. L. Ahuja. |
| 250 | _a18th ed. | ||
| 260 |
_aNew Delhi : _bS. Chand, _c2013. |
||
| 300 | _axvi, 963 p. | ||
| 650 | 0 | _aMicroeconomics. | |
| 908 | _a080428 | ||
| 942 |
_2lcc _cBK |
||